Pla de concertació : Xarxa Barcelona Municipis de Qualitat : 2008 - 2011 : catàleg d'activitats i serveis 2008 : guia de lectura Xarxa Barcelona Municipis de Qualitat :
Descripción Física:
[29] p. ; 30 cm
MARC
| LEADER | 00000nam a2200000Ia 4500 | ||
|---|---|---|---|
| 001 | 19910 | ||
| 008 | 160829s2008 xx 000 0 cat d | ||
| 080 | |a FU-5-29 | ||
| 245 | |a Pla de concertació : |b Xarxa Barcelona Municipis de Qualitat : |b 2008 - 2011 : |b catàleg d'activitats i serveis 2008 : |b guia de lectura | ||
| 260 | |a Barcelona : |b Diputació de Barcelona, |c 2008 | ||
| 300 | |a [29] p. ; |c 30 cm | ||
| 610 | 1 | 0 | |a Barcelona (Catalunya : Província). |b Diputació |v Planificació |9 52706 |
| 650 | |a Serveis municipals |x Barcelona (Província) |x Catàlegs |9 46401 | ||
| 650 | |a Serveis municipals |x Barcelona (Província) |x Guies |9 46389 | ||
| 710 | |a Barcelona (Catalunya : Província). |b Servei de Govern Local |9 12081 | ||
| 901 | |a Arxiu | ||
| 942 | |n 1 | ||
| 952 | |0 0 |1 0 |4 0 |6 FU529 |7 1 |9 53181 |a Arxiu |b Arxiu |d 2016-12-01 |l 0 |o FU-5-29 |p 19910 |r 2016-12-01 00:00:00 |w 2016-12-01 |y ARXIU | ||
| 999 | |c 57030 |d 57030 | ||